AFL Brownlow Medalists - Statistics

General Stats
  • This quiz has been taken 36 times
    6 since last reset
  • The average score is 25 of 40
Answer Stats
Year Team Winner % Correct
2017 Richmond Tigers Dustin Martin
100%
2015 Fremantle Dockers Nat Fyfe
100%
2019 Fremantle Dockers Nat Fyfe
100%
2011 Collingwood Magpies Dane Swan
83%
2020 Brisbane Lions Lachie Neale
83%
2023 Brisbane Lions Lachie Neale
83%
2014 West Coast Eagles Matt Priddis
83%
2025 Gold Coast Suns Matt Rowell
83%
2021 Port Adelaide Power Ollie Wines
83%
2022 Carlton Blues Patrick Cripps
83%
2024 Carlton Blues Patrick Cripps
83%
2016 Geelong Cats Patrick Dangerfield
83%
2012 Hawthorn Hawks Sam Mitchell
83%
2018 Hawthorn Hawks Tom Mitchell
83%
2008 Western Bulldogs Adam Cooney
67%
2005 West Coast Eagles Ben Cousins
67%
2004 West Coast Eagles Chris Judd
67%
2010 Carlton Blues Chris Judd
67%
2009 Geelong Cats Gary Ablett
67%
2013 Gold Coast Suns Gary Ablett
67%
1996 Essendon Bombers James Hird
67%
2001 Brisbane Lions Jason Akermanis
67%
2003 Collingwood Magpies Nathan Buckley
67%
1997 St.Kilda Saints Robert Harvey
67%
1998 St.Kilda Saints Robert Harvey
67%
2002 Brisbane Lions Simon Black
67%
2003 Sydney Swans Adam Goodes
50%
2006 Sydney Swans Adam Goodes
50%
2007 Geelong Cats Jimmy Bartel
50%
2000 Melbourne Demons Shane Woewodin
50%
2012 Richmond Tigers Trent Cotchin
50%
1993 Essendon Bombers Gavin Wanganeen
33%
1991 Melbourne Demons Jim Stynes
33%
1996 Brisbane Bears Michael Voss
33%
1999 Hawthorn Hawks Shane Crawford
33%
1990 Footscray Bulldogs Tony Liberatore
33%
1994 Carlton Blues Greg Williams
17%
1995 Sydney Swans Paul Kelly
17%
1992 Footscray Bulldogs Scott Wynd
17%
2003 Adelaide Crows Mark Ricciuto
0%
No matching quizzes found
Score Distribution
Percent of People with Each Score
Percentile by Number Answered
Your Score History
You have not taken this quiz since the last reset